| 000 | 00522nam a2200169 a 4500 | ||
|---|---|---|---|
| 001 | 000035507 | ||
| 005 | 20200930074407.0 | ||
| 008 | 111102s1979 mx 000 0 spa d | ||
| 020 | _a9682406455 | ||
| 040 |
_aDO-SdBNP _bspa _cBNPHU |
||
| 082 |
_axxxx _bL323e, 1979 |
||
| 100 | 1 |
_aLaris Casillas, Francisco Javier _961391 |
|
| 245 | 1 | 0 |
_aEstrategias para la planeación y el control empresarial. / _cFrancisco Javier Laris Casillas. |
| 250 | _a2a ed. | ||
| 260 |
_aMéxico : _bEditorial Trillas, _c1979. |
||
| 300 | _a343 p. | ||
| 999 |
_c34998 _d34998 |
||